000 00763cam a2200253 a 4500
003 EG-GiCUC
008 871009s1984 fr g 000 0bfre d
020 _a2718105240 :
_c82.00F
040 _aEG-GiCUC
_bfre
_cEG-GiCUC
050 0 0 _aPQ2293
_b.B33 1984
092 0 4 _a848.709
_bB272
_221
099 _a04
_a848.709 B272
100 1 _aBarrere, Jean-Bertrand.
245 1 0 _aVictor Hugo, l'homme et l'œuvre /
_cJean-Bertrand Barrere.
260 _aParis :
_bEditions C.D.U. Sedes reunis,
_cc1984.
300 _a177 p. ;
_c24 cm.
504 _aBibliography: p. [173]-177.
600 1 0 _aHugo, Victor,
_d1802-1885.
650 0 _aAuthors, French
_y19th century
_xBiography.
902 _a1
905 _aEman
_eRev.
905 _aJamal
_eCat.
942 _2ddc
_cBK
999 _c102970
_d102970